Central Library OPAC University of Rajshahi

স্বাধীনতার জনক : (Record no. 40027)

MARC details
000 -LEADER
fixed length control field 00969nam a2200229 a 4500
001 - CONTROL NUMBER
control field 40027
003 - CONTROL NUMBER IDENTIFIER
rucl marc code BD-RjUL
005 - DATE AND TIME OF LATEST TRANSACTION
control field 20211209053124.0
008 - FIXED-LENGTH DATA ELEMENTS--GENERAL INFORMATION
fixed length control field 160421r20151996bg a||| |||| 00| 0 ben d
020 ## - INTERNATIONAL STANDARD BOOK NUMBER
Terms of availability : TK 100.00
035 ## - SYSTEM CONTROL NUMBER
System control number (BD-RjUL) 40142
040 ## - CATALOGING SOURCE
Original cataloging agency BD-RjUL
Language of cataloging ben
Transcribing agency BD-RjUL
041 ## - LANGUAGE CODE
Language code of text/sound track or separate title ben
082 ## - DEWEY DECIMAL CLASSIFICATION NUMBER
Edition number 23
Classification number 954.9205092
Author mark and year HOS 2015
100 ## - MAIN ENTRY--PERSONAL NAME
Personal name হোসেন, সৈয়দ আবুল
9 (RLIN) 122167
245 10 - TITLE STATEMENT
Title স্বাধীনতার জনক :
Remainder of title বঙ্গবন্ধ শেখ মুজিবুর রহমান /
Statement of responsibility, etc. সৈয়দ আবুল হোসেন
260 ## - PUBLICATION, DISTRIBUTION, ETC. (IMPRINT)
Place of publication, distribution, etc. ঢাকা :
Name of publisher, distributor, etc. মো.আবদুল কাদের,
Date of publication, distribution, etc. ১৯৯৬ [মুদ্রণ ২০১৫]
300 ## - PHYSICAL DESCRIPTION
Pagination ১০৮ পৃ. :
Illustrations চিত্র ;
Size ২২ সেমি.
600 ## - SUBJECT ADDED ENTRY--PERSONAL NAME
Personal name রহমান, শেখ মুজিবুর
Titles and other words associated with a name বঙ্গবন্ধু
Personal name Rahman,Sheikh Mujibur
Titles and other words associated with a name Bangabandhu
942 ## - ADDED ENTRY ELEMENTS (KOHA)
Source of classification or shelving scheme Dewey Decimal Classification
Koha item type Books
Holdings
Lost status Source of classification or shelving scheme Damaged status Not for loan Permanent Location Current Location Shelving location Date acquired Source of acquisition Cost, normal purchase price Total Checkouts Full call number Date last seen Copy number Koha item type
  Dewey Decimal Classification   Not For Loan Central Library, University of Rajshahi Central Library, University of Rajshahi Reading Room 11/02/2016 Library of R.U 100.00   B 954.9205092 HOS 2015 21/04/2016 C-1 Books